000 00281nam a2200121 a 4500
008 120420s1964|||| d
100 1 _aProcházka, Miro
245 1 0 _aMost cez rieku Inn
260 _bŠport
_aBratislava
_c1964
020 _c6,50
041 _aslo
044 _axo
_cSK
999 _c20180
_d20180